| 000 | 00814nam a2200229Ii 4500 | ||
|---|---|---|---|
| 003 | JO-AjNU | ||
| 008 | 230605s9999||||xx |||||||||||||| ||und|| | ||
| 017 | _a2014/8/3653 | ||
| 020 | _a978-9957-77-342-7 | ||
| 040 |
_aJO-AjNU _bara _erda _cJO-AjNU |
||
| 041 | _aara | ||
| 050 | 1 | 4 | _aDS39 2015 |
| 100 | 3 |
_aالعسوفي، عمر يوسف, _eauthor _949958 |
|
| 245 | 0 | 0 | _aالحراك الشعبي العربي: الربيع العربي: دراسة تحليلية |
| 250 | _aط1 | ||
| 264 | 3 | 1 | _aعمان: دار المامون للنشر والتوزيع، 2015 |
| 300 | _a168ص | ||
| 336 |
_atext _btxt _2rdacontent |
||
| 337 |
_aunmediated _bn _2rdamedia |
||
| 338 |
_avolume _bnc _2rdacarrier |
||
| 650 | 4 |
_aالاحوال السياسية - البلاد العربية - العصر الحديث _949959 |
|
| 999 |
_aA21976 _c25544 _d25544 |
||